[Event "VII Weekend A"]
[Site "Chioggia"]
[Date "2012.10.14"]
[Round "4"]
[White "Zamengo, Bruno"]
[Black "Engl, Stefan"]
[Result "1-0"]
[WhiteElo "1939"]
[BlackElo "1864"]
[PlyCount "87"]
[EventDate "2012.10.12"]
[EventType "swiss"]
[EventRounds "5"]
[EventCountry "ITA"]
[SourceDate "2005.09.12"]

1. e4 d5 2. exd5 Qxd5 3. Nc3 Qd6 4. Nf3 Nf6 5. Bc4 c6 6. O-O Bg4 7. Re1 Nbd7 8.
Be2 e6 9. d3 Be7 10. Ng5 Bf5 11. Bf3 O-O 12. Nge4 Qc7 13. Bg5 Rfe8 14. Nxf6+
Bxf6 15. Bxf6 Nxf6 16. Qe2 Nd7 17. Be4 Qf4 18. Qf3 Qxf3 19. Bxf3 Rad8 20. a4 f6
21. a5 Ne5 22. Be4 Bxe4 23. Nxe4 Rd5 24. Ra4 Red8 25. f4 Ng6 26. Nc3 Rd4 27.
Rxe6 Nxf4 28. Rxd4 Rxd4 29. Re8+ Kf7 30. Rb8 Rb4 31. a6 b6 32. b3 Nxd3 33. Rb7+
Kg6 34. Rxa7 Nc5 35. Rxg7+ Kxg7 36. a7 Nxb3 37. cxb3 Rxb3 38. Na4 Rb1+ 39. Kf2
b5 40. a8=Q bxa4 41. Qxa4 Rc1 42. Qg4+ Kf7 43. h4 c5 44. h5 1-0

[Event "VII Weekend A"]
[Site "Chioggia"]
[Date "2012.10.14"]
[Round "5"]
[White "Aprile, Martino"]
[Black "Marchioli, Roberto"]
[Result "1-0"]
[WhiteElo "1920"]
[BlackElo "1894"]
[PlyCount "71"]
[EventDate "2012.10.12"]
[EventType "swiss"]
[EventRounds "5"]
[EventCountry "ITA"]
[SourceDate "2005.09.12"]

1. e4 c5 2. Nc3 Nc6 3. f4 e6 4. Nf3 g6 5. Bb5 Nge7 6. O-O Bg7 7. d3 O-O 8. Qe1
a6 9. Bxc6 Nxc6 10. a3 Nd4 11. Nxd4 cxd4 12. Ne2 f5 13. Bd2 d6 14. a4 Rf7 15.
a5 Bd7 16. Bb4 Bc6 17. Ng3 Qc7 18. Rc1 Re8 19. Qf2 fxe4 20. dxe4 e5 21. f5 Bh6
22. Bd2 Bxd2 23. Qxd2 Bb5 24. Rf3 Ref8 25. c4 Bd7 26. Rcf1 gxf5 27. exf5 Qxc4
28. f6 d3 29. Nh5 Qc5+ 30. Kh1 e4 31. Rg3+ Kh8 32. Qh6 Rg8 33. Rg7 Bf5 34. Rxf7
e3 35. Rxh7+ Bxh7 36. Qg7+ 1-0

[Event "VII Weekend A"]
[Site "Chioggia"]
[Date "2012.10.14"]
[Round "5"]
[White "Bacchini, Stefano"]
[Black "Pomaro, Alberto"]
[Result "0-1"]
[WhiteElo "1958"]
[BlackElo "2407"]
[PlyCount "86"]
[EventDate "2012.10.12"]
[EventType "swiss"]
[EventRounds "5"]
[EventCountry "ITA"]
[SourceDate "2005.09.12"]

1. f4 d5 2. Nf3 g6 3. e3 Bg7 4. Be2 Nf6 5. d3 O-O 6. O-O b6 7. Ne5 Nbd7 8. Nd2
Bb7 9. Qe1 Nxe5 10. fxe5 Nd7 11. d4 f6 12. exf6 exf6 13. Rf3 f5 14. Rh3 Qe7 15.
c3 Rae8 16. Nf1 c5 17. Qd1 Nf6 18. a4 Qe6 19. a5 g5 20. Rf3 g4 21. Rf4 Bh6 22.
Bb5 Bxf4 23. exf4 Bc6 24. Bd3 cxd4 25. cxd4 Qd7 26. Ne3 Ne4 27. axb6 axb6 28.
Qb3 Qb7 29. Ra6 b5 30. Ra5 Qb6 31. Qb4 h5 32. g3 Qc7 33. Bxe4 Rxe4 34. Qc5 Qxa5
35. Qxc6 Qa7 36. Qxd5+ Qf7 37. Qd6 Rfe8 38. Kf2 Kg7 39. d5 Qa7 40. Qa3 Qb6 41.
b4 Kg6 42. Qd3 Qd4 43. Qxb5 Rxe3 0-1

[Event "VII Weekend A"]
[Site "Chioggia"]
[Date "2012.10.14"]
[Round "5"]
[White "Basso, Pier Luigi"]
[Black "Milazzo, Mario"]
[Result "1/2-1/2"]
[WhiteElo "2105"]
[BlackElo "2075"]
[PlyCount "41"]
[EventDate "2012.10.12"]
[EventType "swiss"]
[EventRounds "5"]
[EventCountry "ITA"]
[SourceDate "2005.09.12"]

1. e4 e5 2. Nf3 Nc6 3. d4 exd4 4. Bc4 Nf6 5. O-O Nxe4 6. Re1 d5 7. Bxd5 Qxd5 8.
Nc3 Qa5 9. Nxe4 Be6 10. Bd2 Qh5 11. Bg5 h6 12. Bf6 Be7 13. Bxe7 Kxe7 14. Nxd4
Qxd1 15. Nxc6+ bxc6 16. Raxd1 Rhd8 17. Rxd8 Rxd8 18. Nc5 Rd2 19. Nxe6 fxe6 20.
Rc1 e5 21. Kf1 1/2-1/2

[Event "VII Weekend A"]
[Site "Chioggia"]
[Date "2012.10.14"]
[Round "5"]
[White "Bellemo, Davide"]
[Black "Ballarin, Gabriele"]
[Result "1-0"]
[WhiteElo "2125"]
[BlackElo "1877"]
[PlyCount "93"]
[EventDate "2012.10.12"]
[EventType "swiss"]
[EventRounds "5"]
[EventCountry "ITA"]
[SourceDate "2005.09.12"]

1. d4 d6 2. Nf3 Bg4 3. c4 Bxf3 4. exf3 Nf6 5. Nc3 c6 6. Be2 e6 7. O-O Be7 8. f4
d5 9. c5 b6 10. b4 O-O 11. Bd2 Nbd7 12. Bd3 a5 13. a3 Re8 14. Qf3 Qc7 15. Bc2
axb4 16. axb4 Nf8 17. g4 N6d7 18. Na4 Reb8 19. Ra3 b5 20. Nb2 Rxa3 21. Qxa3 Bf6
22. Be3 g6 23. Nd3 Bg7 24. Ra1 f5 25. f3 Kf7 26. Qb2 Rb7 27. Ra5 Bf6 28. Qa2
Bg7 29. Nc1 Nb8 30. Ne2 Nfd7 31. Bd3 Nf6 32. h3 Nfd7 33. Nc3 Bf6 34. Kg2 Bd8
35. Qa3 Bf6 36. Be2 Bg7 37. Bxb5 cxb5 38. Nxb5 Rxb5 39. Rxb5 Nc6 40. Qa1 Nd8
41. Ra5 Nc6 42. Ra6 Ndb8 43. Ra4 fxg4 44. hxg4 Qd8 45. b5 Bxd4 46. bxc6 Bxe3
47. Ra7+ 1-0

[Event "VII Weekend A"]
[Site "Chioggia"]
[Date "2012.10.14"]
[Round "5"]
[White "Boscolo, Federico"]
[Black "Gallo, Enrico"]
[Result "1-0"]
[WhiteElo "2320"]
[BlackElo "2099"]
[PlyCount "73"]
[EventDate "2012.10.12"]
[EventType "swiss"]
[EventRounds "5"]
[EventCountry "ITA"]
[SourceDate "2005.09.12"]

1. Nf3 Nf6 2. c4 c5 3. Nc3 g6 4. g3 Bg7 5. Bg2 Nc6 6. O-O O-O 7. d4 cxd4 8.
Nxd4 Qb6 9. Nc2 d6 10. b3 Be6 11. Rb1 Qa5 12. Bd2 Qh5 13. e4 Bg4 14. f3 Bh3 15.
Ne3 Bxg2 16. Kxg2 Nd7 17. Ncd5 Bd4 18. Ng4 g5 19. h4 e6 20. Bxg5 exd5 21. cxd5
Nce5 22. Nh6+ Kh8 23. Qxd4 f6 24. Bd2 Rac8 25. g4 Qg6 26. Rbc1 Nc5 27. Rc3 Rce8
28. b4 Na4 29. Rc7 Rc8 30. Rfc1 Nb6 31. Rxc8 Nxc8 32. Rc7 Qe8 33. f4 Qb5 34.
fxe5 fxe5 35. Qc3 Qb6 36. Nf7+ Kg7 37. Bh6+ 1-0

[Event "VII Weekend A"]
[Site "Chioggia"]
[Date "2012.10.14"]
[Round "5"]
[White "Boscolo, Marco"]
[Black "Zamengo, Bruno"]
[Result "1/2-1/2"]
[WhiteElo "2150"]
[BlackElo "1939"]
[PlyCount "114"]
[EventDate "2012.10.12"]
[EventType "swiss"]
[EventRounds "5"]
[EventCountry "ITA"]
[SourceDate "2005.09.12"]

1. d4 g6 2. e4 Bg7 3. Nc3 c5 4. Nf3 Nc6 5. d5 Nd4 6. Be2 d6 7. O-O a6 8. a4 b6
9. Be3 Nxe2+ 10. Qxe2 Nf6 11. h3 O-O 12. Qd2 Re8 13. Bf4 Nd7 14. Rfe1 Rb8 15.
Rab1 Qc7 16. Bh6 Ne5 17. Nxe5 Bxe5 18. f4 Bh8 19. Rf1 b5 20. axb5 axb5 21. f5
b4 22. fxg6 hxg6 23. Ne2 Ba6 24. Rf3 Bxe2 25. Qxe2 Bg7 26. Bxg7 Kxg7 27. Rbf1
Rf8 28. Qf2 f6 29. Rg3 Qd7 30. Qe3 Rh8 31. Rf4 Rbg8 32. Rfg4 Kf7 33. Rf3 Kg7
34. Rfg3 Kf7 35. Rf4 Kg7 36. Qf3 Rh6 37. Qe2 Ra8 38. Rgf3 Rhh8 39. Rf2 Ra2 40.
b3 Ra7 41. Qf3 Rf8 42. Qg3 Rh8 43. Kh2 Raa8 44. Rg4 Rh6 45. Qf4 Kf7 46. Rg3 Kg7
47. Qe3 Qb7 48. Rgf3 Rhh8 49. Qd3 Qa6 50. Qe3 Qa1 51. Qf4 Qd4 52. Rd3 Qa1 53.
Rg3 Rh5 54. Qg4 Rg5 55. Qe6 Re5 56. Qg4 Rg5 57. Qe6 Re5 1/2-1/2

[Event "VII Weekend A"]
[Site "Chioggia"]
[Date "2012.10.14"]
[Round "5"]
[White "Buriani, Andrea"]
[Black "Lodici, Lorenzo"]
[Result "1/2-1/2"]
[WhiteElo "2083"]
[BlackElo "1870"]
[PlyCount "36"]
[EventDate "2012.10.12"]
[EventType "swiss"]
[EventRounds "5"]
[EventCountry "ITA"]
[SourceDate "2005.09.12"]

1. d4 d5 2. Nf3 Nf6 3. e3 c5 4. b3 cxd4 5. exd4 Nc6 6. Bd3 g6 7. O-O Bg7 8. Re1
O-O 9. Bb2 Re8 10. h3 Qc7 11. Qd2 a6 12. a3 b5 13. Nc3 Qb6 14. Ne2 Bb7 15. Nf4
e6 16. Ne2 Ne4 17. Qe3 f5 18. Rab1 b4 1/2-1/2

[Event "VII Weekend A"]
[Site "Chioggia"]
[Date "2012.10.14"]
[Round "5"]
[White "Caldara, Sisto"]
[Black "Boscolo, Marco B"]
[Result "1-0"]
[WhiteElo "1821"]
[BlackElo "1809"]
[PlyCount "77"]
[EventDate "2012.10.12"]
[EventType "swiss"]
[EventRounds "5"]
[EventCountry "ITA"]
[SourceDate "2005.09.12"]

1. d4 g6 2. e4 c6 3. Nc3 d5 4. Be3 Bg7 5. Qd2 Nf6 6. e5 Ng4 7. Bg5 h5 8. h3 Nh6
9. Nf3 Qb6 10. Rb1 Na6 11. b4 Nb8 12. b5 Qa5 13. Be2 Bf5 14. Rb3 e6 15. O-O Nd7
16. bxc6 bxc6 17. Rfb1 Nb6 18. Qc1 Bf8 19. Nh2 h4 20. Nf3 Be4 21. Nxh4 Nf5 22.
Nxf5 Bxf5 23. Bf1 Kd7 24. f3 Kc8 25. g4 Na4 26. Bd2 Nxc3 27. Rxc3 Qa4 28. Qb2
Qxd4+ 29. Be3 Qb4 30. gxf5 Qxb2 31. Rxb2 Kc7 32. fxe6 fxe6 33. Kg2 Rh4 34. f4
g5 35. fxg5 Be7 36. Kg3 Re4 37. Bg2 d4 38. Bxe4 dxc3 39. Rb3 1-0

[Event "VII Weekend A"]
[Site "Chioggia"]
[Date "2012.10.14"]
[Round "5"]
[White "Engl, Stefan"]
[Black "Desideri, Alessandro"]
[Result "1-0"]
[WhiteElo "1864"]
[BlackElo "1800"]
[PlyCount "55"]
[EventDate "2012.10.12"]
[EventType "swiss"]
[EventRounds "5"]
[EventCountry "ITA"]
[SourceDate "2005.09.12"]

1. f4 f5 2. e4 fxe4 3. d3 e3 4. Bxe3 Nf6 5. Nf3 b6 6. d4 e6 7. Bd3 Ba6 8. Qe2
Bxd3 9. Qxd3 Nc6 10. c3 Nd5 11. O-O Nce7 12. Nh4 Nxe3 13. Qxe3 Nd5 14. Qh3 Qf6
15. f5 Qh6 16. fxe6 dxe6 17. Re1 Nf4 18. Qf3 O-O-O 19. g3 Bd6 20. Qg4 g5 21.
Nf3 Rhg8 22. Nbd2 Nh3+ 23. Kg2 Nf4+ 24. Kf1 Ng6 25. Rxe6 Kb8 26. Rae1 Rdf8 27.
Kg1 Nf4 28. Rxh6 {abb.} 1-0

[Event "VII Weekend A"]
[Site "Chioggia"]
[Date "2012.10.14"]
[Round "5"]
[White "Gastiaburo, Hernan"]
[Black "Aleksic, Nenad"]
[Result "0-1"]
[WhiteElo "2242"]
[BlackElo "2337"]
[PlyCount "60"]
[EventDate "2012.10.12"]
[EventType "swiss"]
[EventRounds "5"]
[EventCountry "ITA"]
[SourceDate "2005.09.12"]

1. e4 c5 2. c3 b6 3. d4 Bb7 4. Bd3 Nf6 5. Nd2 e6 6. Ngf3 d6 7. O-O Be7 8. Re1
cxd4 9. cxd4 Nbd7 10. Nf1 O-O 11. Ng3 Rc8 12. b3 Re8 13. Bb2 Rc7 14. Qd2 Qc8
15. Rac1 Rxc1 16. Rxc1 Qa8 17. Re1 h6 18. Bb1 Rc8 19. Rc1 Rxc1+ 20. Qxc1 Nxe4
21. Nxe4 Bxe4 22. Bxe4 Qxe4 23. h3 Qb7 24. Ba3 Nf6 25. Nd2 b5 26. Qc2 Nd5 27.
Nf1 b4 28. Bc1 Bf6 29. Qc4 Nc3 30. a3 d5 0-1

[Event "VII Weekend A"]
[Site "Chioggia"]
[Date "2012.10.14"]
[Round "5"]
[White "Guerra, Alessandro"]
[Black "Omeri, Silvan"]
[Result "1-0"]
[WhiteElo "2199"]
[BlackElo "2203"]
[PlyCount "52"]
[EventDate "2012.10.12"]
[EventType "swiss"]
[EventRounds "5"]
[EventCountry "ITA"]
[SourceDate "2005.09.12"]

1. e4 Nf6 2. e5 Nd5 3. Nc3 Nxc3 4. dxc3 d6 5. Bc4 c6 6. Nf3 d5 7. Bd3 Bg4 8. h3
Bxf3 9. Qxf3 e6 10. O-O Nd7 11. Bf4 Qb6 12. b4 a5 13. a3 a4 14. c4 dxc4 15.
Bxc4 Qd4 16. Ba2 Nxe5 17. Qg3 Ng6 18. Be3 Qd6 19. Qg4 Be7 20. f4 O-O 21. f5
exf5 22. Rxf5 Kh8 23. Rd1 Qb8 24. Bd4 Qe8 25. Rdf1 f6 26. Rh5 h6 {<n.u.r.; 34N>
} 1-0

[Event "VII Weekend A"]
[Site "Chioggia"]
[Date "2012.10.14"]
[Round "5"]
[White "Lantschner, Carmen"]
[Black "Knottner, Klaus"]
[Result "1/2-1/2"]
[WhiteElo "1665"]
[BlackElo "1907"]
[PlyCount "83"]
[EventDate "2012.10.12"]
[EventType "swiss"]
[EventRounds "5"]
[EventCountry "ITA"]
[SourceDate "2005.09.12"]

1. e4 e5 2. Nf3 Nc6 3. d4 exd4 4. Nxd4 d6 5. Nc3 Nf6 6. Be2 Be7 7. O-O O-O 8.
Bf4 Ne5 9. h3 a6 10. Be3 b5 11. f4 Nc4 12. Bxc4 bxc4 13. Re1 Bd7 14. Qe2 c5 15.
Nf3 Rb8 16. Rab1 h6 17. Qxc4 Qc8 18. a3 Bc6 19. Nd5 Re8 20. Qd3 Bb5 21. c4 Bc6
22. Bd2 Nxd5 23. exd5 Bd7 24. Qf1 Bf5 25. Rbc1 Rxb2 26. Bc3 Rb3 27. a4 Bd7 28.
a5 Qd8 29. Qf2 Bf6 30. Bxf6 Rxe1+ 31. Qxe1 Qxf6 32. Qd2 Rb2 33. Qc3 Qxc3 34.
Rxc3 Bf5 35. g4 Be4 36. Re3 Bxf3 37. Rxf3 Kf8 38. Re3 Rb4 39. Rc3 Rb2 40. Re3
g6 41. g5 hxg5 42. fxg5 1/2-1/2

[Event "VII Weekend A"]
[Site "Chioggia"]
[Date "2012.10.14"]
[Round "5"]
[White "Litrico, Paolo"]
[Black "Vianello, Enrico"]
[Result "0-1"]
[WhiteElo "1981"]
[BlackElo "2143"]
[PlyCount "84"]
[EventDate "2012.10.12"]
[EventType "swiss"]
[EventRounds "5"]
[EventCountry "ITA"]
[SourceDate "2005.09.12"]

1. d4 d5 2. Bf4 Nf6 3. e3 Nc6 4. a3 Bg4 5. f3 Bh5 6. Nd2 e6 7. h4 Bg6 8. g4 h5
9. g5 Nd7 10. c3 Bd6 11. Bxd6 cxd6 12. Qb3 Rb8 13. Nh3 Bf5 14. Nf4 Qe7 15. Be2
Nf8 16. Rg1 Ng6 17. Nxg6 Bxg6 18. Bb5 Qc7 19. c4 a6 20. Bxc6+ bxc6 21. Qc3 Qb7
22. b4 O-O 23. Nb3 dxc4 24. Qxc4 c5 25. dxc5 Qxf3 26. Qe2 Qd5 27. Qd1 Qc4 28.
Nd4 Qc3+ 29. Kf2 dxc5 30. Nc6 Ra8 31. Qc1 cxb4 32. axb4 Qd3 33. Qc5 Qe4 34.
Ne7+ Kh7 35. Qd4 Qc2+ 36. Kg3 Qc7+ 37. Qf4 Qxe7 38. Rgc1 Rfd8 39. Rc6 Rab8 40.
Raxa6 Qxb4 41. Qxb4 Rxb4 42. Rc3 Rg4+ 0-1

[Event "VII Weekend A"]
[Site "Chioggia"]
[Date "2012.10.14"]
[Round "5"]
[White "Losso, Agostino"]
[Black "Cardarelli, Angelo"]
[Result "0-1"]
[WhiteElo "1751"]
[BlackElo "1965"]
[PlyCount "90"]
[EventDate "2012.10.12"]
[EventType "swiss"]
[EventRounds "5"]
[EventCountry "ITA"]
[SourceDate "2005.09.12"]

1. e4 c5 2. Nf3 d6 3. Bb5+ Bd7 4. Bxd7+ Qxd7 5. O-O e6 6. Qe2 Nc6 7. Rd1 Nf6 8.
d4 cxd4 9. Nxd4 Be7 10. c4 a6 11. Nc3 Qc7 12. b3 O-O 13. Be3 Rab8 14. Rac1 b6
15. f3 Rfe8 16. Kh1 Nd7 17. Ndb5 axb5 18. Nxb5 Qb7 19. Nxd6 Bxd6 20. Rxd6 Red8
21. Rcd1 Qc7 22. Qd2 Nde5 23. c5 Rxd6 24. cxd6 Qa7 25. h3 Nd7 26. Rc1 Rc8 27.
b4 Qb7 28. f4 Na7 29. e5 Rxc1+ 30. Qxc1 Qc6 31. Qd2 Nc8 32. b5 Qc4 33. a4 f6
34. a5 fxe5 35. fxe5 Qf1+ 36. Kh2 Qxb5 37. Qc3 Qxe5+ 38. Qxe5 Nxe5 39. axb6
Nxd6 40. Bc5 Nec4 41. Kg1 Kf7 42. Kf1 Kf6 43. Ke2 Ke5 44. Kd3 Kd5 45. Bxd6 Nxd6
0-1

[Event "VII Weekend A"]
[Site "Chioggia"]
[Date "2012.10.14"]
[Round "5"]
[White "Luciani, Valerio"]
[Black "Ceschia, Ivano"]
[Result "0-1"]
[WhiteElo "2206"]
[BlackElo "2282"]
[PlyCount "60"]
[EventDate "2012.10.12"]
[EventType "swiss"]
[EventRounds "5"]
[EventCountry "ITA"]
[SourceDate "2005.09.12"]

1. d4 Nf6 2. c4 g6 3. Nc3 d5 4. cxd5 Nxd5 5. e4 Nxc3 6. bxc3 Bg7 7. Bc4 c5 8.
Ne2 O-O 9. Be3 Nc6 10. Rc1 cxd4 11. cxd4 Qa5+ 12. Kf1 Qa3 13. Rc3 Qb4 14. Qc1
Na5 15. a3 Qa4 16. f3 Bd7 17. Kf2 Nxc4 18. Rxc4 Qa6 19. Rb4 Rfc8 20. Qb2 b6 21.
Qb3 e6 22. Qa2 Bf8 23. Qb2 Bxb4 24. axb4 Qd3 25. Rc1 Rxc1 26. Nxc1 Qd1 27. Nb3
f6 28. d5 e5 29. Bh6 Rc8 30. Na1 g5 0-1

[Event "VII Weekend A"]
[Site "Chioggia"]
[Date "2012.10.14"]
[Round "5"]
[White "Negro, Roberto"]
[Black "Del Monaco, Andrea"]
[Result "1-0"]
[WhiteElo "2106"]
[BlackElo "2275"]
[PlyCount "99"]
[EventDate "2012.10.12"]
[EventType "swiss"]
[EventRounds "5"]
[EventCountry "ITA"]
[SourceDate "2005.09.12"]

1. d4 Nf6 2. c4 e6 3. Nc3 Bb4 4. a3 Bxc3+ 5. bxc3 c5 6. e3 O-O 7. Bd3 Nc6 8.
Ne2 b6 9. e4 Ne8 10. O-O d6 11. f4 f5 12. d5 Ne7 13. dxe6 g6 14. exf5 Nxf5 15.
Bxf5 Rxf5 16. Ng3 Bxe6 17. Nxf5 gxf5 18. Qe2 Qd7 19. Re1 Ng7 20. a4 Qf7 21. a5
Bxc4 22. Qd2 Re8 23. axb6 axb6 24. Rxe8+ Nxe8 25. Qe3 Nf6 26. Ra8+ Kg7 27. Qg3+
Qg6 28. Ra7+ Kg8 29. Qg5 Qxg5 30. fxg5 Ne4 31. Bf4 b5 32. h4 b4 33. cxb4 cxb4
34. Ra4 Kf7 35. Rxb4 Be2 36. Rb7+ Kg6 37. g3 d5 38. Rd7 Bc4 39. Be5 Nd2 40. Kf2
Ne4+ 41. Ke3 h6 42. gxh6 Kxh6 43. Kf4 Nc5 44. Rd6+ Kh7 45. Rc6 Nd3+ 46. Kxf5
Nf2 47. Rc7+ Kg8 48. Ke6 Bb3 49. Bd4 Ne4 50. g4 1-0

[Event "VII Weekend A"]
[Site "Chioggia"]
[Date "2012.10.14"]
[Round "5"]
[White "Novelli, Cristiano"]
[Black "Santolini, Luigi"]
[Result "1/2-1/2"]
[WhiteElo "2025"]
[BlackElo "2157"]
[PlyCount "93"]
[EventDate "2012.10.12"]
[EventType "swiss"]
[EventRounds "5"]
[EventCountry "ITA"]
[SourceDate "2005.09.12"]

1. e4 c5 2. Nc3 Nc6 3. g3 g6 4. Bg2 Bg7 5. d3 e6 6. Be3 d6 7. Qd2 Nge7 8. Bh6
O-O 9. h4 Nd4 10. Bxg7 Kxg7 11. h5 Ng8 12. hxg6 fxg6 13. Nce2 Qf6 14. Nf4 Bd7
15. c3 Nc6 16. Nf3 Ne5 17. Nxe5 dxe5 18. Nh3 Rad8 19. Qe3 b6 20. O-O-O Bb5 21.
Bf1 Rd6 22. Be2 h6 23. f4 exf4 24. gxf4 e5 25. Rdf1 Rfd8 26. c4 Be8 27. Rhg1
Bf7 28. Qg3 Re8 29. fxe5 Qxe5 30. Nf4 g5 31. Bh5 Rf6 32. Bxf7 Kxf7 33. Nd5 Qxg3
34. Rxf6+ Nxf6 35. Rxg3 Nxd5 36. cxd5 Kf6 37. Kd2 h5 38. Rf3+ Kg6 39. Ke3 h4
40. Rf5 h3 41. Rf2 Rh8 42. Rh2 g4 43. Kf4 Kh5 44. Kg3 Rf8 45. Rf2 Rxf2 46. Kxf2
Kg5 47. Kg3 1/2-1/2

[Event "VII Weekend A"]
[Site "Chioggia"]
[Date "2012.10.14"]
[Round "5"]
[White "Resch, Aaron"]
[Black "Boscolo, Max"]
[Result "1-0"]
[WhiteElo "1666"]
[BlackElo "1982"]
[PlyCount "107"]
[EventDate "2012.10.12"]
[EventType "swiss"]
[EventRounds "5"]
[EventCountry "ITA"]
[SourceDate "2005.09.12"]

1. e4 d6 2. d4 Nf6 3. Nc3 g6 4. h3 c6 5. Nf3 Bg7 6. Be3 Qa5 7. Qd2 Nbd7 8. Bc4
b5 9. Bd3 Nb6 10. O-O Nc4 11. Bxc4 bxc4 12. Bh6 Bxh6 13. Qxh6 Qh5 14. Qxh5 Nxh5
15. Nd2 Rb8 16. Rab1 Nf4 17. Rfe1 Be6 18. Nd1 O-O 19. Ne3 c3 20. bxc3 Rxb1 21.
Rxb1 Ne2+ 22. Kf1 Nxc3 23. Rb7 Bxa2 24. Rxa7 e5 25. dxe5 dxe5 26. Rc7 Rd8 27.
Rxc6 Nd1 28. Nxd1 Rxd2 29. Ke1 Rd4 30. f3 Kg7 31. Nc3 Be6 32. Rc5 Kf6 33. Nd5+
Kg5 34. Nc7 Kf4 35. Nxe6+ fxe6 36. Ke2 Ra4 37. Kf2 Rd4 38. g3+ Kg5 39. Ke3 Kf6
40. Rxe5 Rd1 41. Rc5 Rh1 42. h4 Rg1 43. Kf4 h6 44. g4 Ke7 45. Rc7+ Kd6 46. Rg7
e5+ 47. Ke3 g5 48. hxg5 hxg5 49. Rxg5 Rc1 50. Rg6+ Kc5 51. Re6 Rxc2 52. Rxe5+
Kd6 53. Rd5+ Ke6 54. f4 1-0

[Event "VII Weekend A"]
[Site "Chioggia"]
[Date "2012.10.14"]
[Round "5"]
[White "Sanchez, Joseph"]
[Black "Cacco, Christian"]
[Result "1/2-1/2"]
[WhiteElo "2544"]
[BlackElo "2302"]
[PlyCount "34"]
[EventDate "2012.10.12"]
[EventType "swiss"]
[EventRounds "5"]
[EventCountry "ITA"]
[SourceDate "2005.09.12"]

1. e4 d6 2. d4 Nf6 3. Nc3 g6 4. Bc4 Bg7 5. Qe2 c6 6. a4 e5 7. dxe5 dxe5 8. Nf3
Nbd7 9. O-O O-O 10. Rd1 Qa5 11. Bd2 Qc7 12. b4 h6 13. Nh4 Kh7 14. Be3 Ng8 15.
Qd2 Bf6 16. Nf3 Kg7 17. Ne2 Nb6 1/2-1/2

[Event "VII Weekend A"]
[Site "Chioggia"]
[Date "2012.10.14"]
[Round "5"]
[White "Xia, Jie"]
[Black "Dragojlovic, Andjelko"]
[Result "1-0"]
[WhiteElo "2243"]
[BlackElo "2350"]
[PlyCount "57"]
[EventDate "2012.10.12"]
[EventType "swiss"]
[EventRounds "5"]
[EventCountry "ITA"]
[SourceDate "2005.09.12"]

1. d4 Nf6 2. Nf3 g6 3. g3 Bg7 4. Bg2 O-O 5. c4 c6 6. O-O d5 7. Qb3 a5 8. Nc3 a4
9. Qd1 dxc4 10. Ne5 Nd5 11. Nxc4 Nxc3 12. bxc3 Nd7 13. Ba3 Re8 14. f4 Nb6 15.
Nxb6 Qxb6 16. e4 Be6 17. Kh1 Bc4 18. Rf2 Qc7 19. Qf3 e6 20. Bf1 Bxf1 21. Raxf1
Bf8 22. Bxf8 Rxf8 23. f5 exf5 24. exf5 Qd7 25. Qe3 Ra5 26. Qh6 Rxf5 27. Rxf5
gxf5 28. Qg5+ Kh8 29. Qf6+ 1-0

[Event "VII Weekend A"]
[Site "Chioggia"]
[Date "2012.10.14"]
[Round "5"]
[White "Zamengo, Fulvio"]
[Black "Boschesi, Giovanni"]
[Result "1-0"]
[WhiteElo "2058"]
[BlackElo "1611"]
[PlyCount "115"]
[EventDate "2012.10.12"]
[EventType "swiss"]
[EventRounds "5"]
[EventCountry "ITA"]
[SourceDate "2005.09.12"]

1. e4 e5 2. Nf3 Nc6 3. Bb5 a6 4. Ba4 Nf6 5. O-O Be7 6. Re1 b5 7. Bb3 O-O 8. a4
Rb8 9. axb5 axb5 10. Nc3 d6 11. d3 Bg4 12. Ne2 Bxf3 13. gxf3 Qd7 14. Be3 Rfd8
15. Ng3 g6 16. Kg2 d5 17. Qe2 Kg7 18. Rg1 h6 19. Kh1 Kh7 20. Rad1 Na5 21. Ba2
c5 22. Qd2 Qh3 23. Qxa5 Ra8 24. Qc7 Rd7 25. Qxe5 Rxa2 26. Ra1 Rxa1 27. Rxa1 Qh4
28. Qf4 Qh3 29. e5 g5 30. Qf5+ Qxf5 31. Nxf5 Ng8 32. Ra5 d4 33. Bd2 b4 34. Nxe7
Nxe7 35. Rxc5 Rb7 36. Rc4 b3 37. c3 dxc3 38. Bxc3 Nd5 39. d4 Nf4 40. Rb4 Ra7
41. h4 Ra1+ 42. Kh2 Rf1 43. hxg5 hxg5 44. d5 Rxf2+ 45. Kg1 Rxf3 46. d6 Ne6 47.
Rxb3 Rd3 48. Rb7 Kg6 49. Re7 Rd5 50. d7 Nd8 51. Bb4 Nc6 52. Bd6 Rd1+ 53. Kf2
Rd2+ 54. Ke3 Rxb2 55. Re8 Rb3+ 56. Ke4 g4 57. Kd5 g3 58. Kxc6 1-0

[Event "Alberta Closed"]
[Site "Calgary"]
[Date "2013.03.30"]
[Round "2"]
[White "Pechenkin, Vladimir"]
[Black "Yam, Alex"]
[Result "1/2-1/2"]
[WhiteElo "2428"]
[BlackElo "2380"]
[PlyCount "88"]
[EventDate "2013.03.29"]
[EventRounds "5"]
[EventCountry "CAN"]
[SourceDate "2005.09.12"]

1. c4 c6 2. g3 d5 3. Nf3 dxc4 4. Bg2 Qd5 5. O-O Nf6 6. Nc3 Qh5 7. b3 cxb3 8.
Qxb3 Nbd7 9. d4 e5 10. e3 a5 11. Ba3 Bxa3 12. Qxa3 Qf5 13. Rfe1 Qe6 14. Rad1
Ra6 15. Bf1 Ra8 16. e4 Qe7 17. Qxe7+ Kxe7 18. Nxe5 Nxe5 19. dxe5 Nd7 20. f4 Nc5
21. Rc1 b6 22. Rb1 Rb8 23. Red1 Rd8 24. Rxd8 Kxd8 25. Kf2 Kc7 26. Ke3 Ba6 27.
Bxa6 Nxa6 28. g4 b5 29. g5 Nc5 30. Rc1 Kb6 31. Ne2 Rh8 32. Nd4 g6 33. f5 h6 34.
e6 fxe6 35. fxg6 Rg8 36. g7 hxg5 37. e5 b4 38. Rc4 Rxg7 39. Rxc5 Kxc5 40. Nxe6+
Kd5 41. Nxg7 Kxe5 42. Kd3 c5 43. Kc4 a4 44. h3 Kf6 1/2-1/2

[Event "Alberta Closed"]
[Site "Calgary"]
[Date "2013.03.30"]
[Round "3"]
[White "Rekhson, Vladislav"]
[Black "Pechenkin, Vladimir"]
[Result "0-1"]
[WhiteElo "2136"]
[BlackElo "2428"]
[PlyCount "98"]
[EventDate "2013.03.29"]
[EventRounds "5"]
[EventCountry "CAN"]
[SourceDate "2005.09.12"]

1. e4 Nf6 2. e5 Nd5 3. c4 Nb6 4. c5 Nd5 5. Nc3 e6 6. d4 Nxc3 7. bxc3 b6 8. Nf3
h6 9. cxb6 axb6 10. Bd3 Ba6 11. O-O Bxd3 12. Qxd3 Be7 13. Be3 Ra3 14. Nd2 O-O
15. Nc4 Ra4 16. Nb2 Ra7 17. a4 Nc6 18. f4 f5 19. exf6 Bxf6 20. Nc4 Ne7 21. Ne5
d6 22. Ng6 Nxg6 23. Qxg6 Qe8 24. Qg4 Kh8 25. Rfe1 Rxa4 26. Rxa4 Qxa4 27. Qxe6
Re8 28. Qf5 c5 29. Bf2 cxd4 30. Rxe8+ Qxe8 31. cxd4 Bxd4 32. Qb1 Bc5 33. g4 Qe2
34. Bxc5 Qxg4+ 35. Kh1 dxc5 36. Qxb6 Qxf4 37. Qxc5 Qf1+ 38. Qg1 Qxg1+ 39. Kxg1
Kh7 40. Kf2 Kg6 41. Kg2 Kg5 42. Kg3 h5 43. h3 Kf5 44. Kf3 Ke5 45. Ke3 g5 46.
Kf3 Kd4 47. Kf2 Ke4 48. Ke2 Kf4 49. Kf2 h4 0-1

[Event "Alberta Closed"]
[Site "Calgary"]
[Date "2013.03.29"]
[Round "1"]
[White "Yam, Alex"]
[Black "Rekhson, Vladislav"]
[Result "1/2-1/2"]
[WhiteElo "2380"]
[BlackElo "2136"]
[PlyCount "107"]
[EventDate "2013.03.29"]
[EventRounds "5"]
[EventCountry "CAN"]
[SourceDate "2005.09.12"]

1. e4 c5 2. c3 d5 3. exd5 Qxd5 4. d4 Nf6 5. Nf3 Bg4 6. dxc5 Qxd1+ 7. Kxd1 e5 8.
b4 e4 9. h3 Bh5 10. g4 Nxg4 11. hxg4 Bxg4 12. Nbd2 exf3 13. Bb5+ Nc6 14. Re1+
Be7 15. Kc2 Be6 16. Nxf3 Bf6 17. Bg5 Ke7 18. Bc4 h6 19. Bf4 Rhe8 20. b5 Na5 21.
Bxe6 fxe6 22. Re4 Rac8 23. Bd6+ Kf7 24. Rd1 g5 25. Ra4 b6 26. c6 a6 27. c4 axb5
28. cxb5 Nxc6 29. Kb1 Red8 30. Rd2 Na5 31. Bb4 Rxd2 32. Nxd2 Bc3 33. Bxc3 Rxc3
34. Ne4 Rd3 35. Kc2 Rd5 36. Nc3 Rf5 37. Ne4 Kg6 38. Rb4 h5 39. Kd3 h4 40. Ke2
Nb7 41. a4 Rf4 42. f3 Kf5 43. Rc4 h3 44. Rc7 Nc5 45. Ng3+ Ke5 46. a5 Rb4 47.
axb6 Rxb5 48. Rh7 h2 49. Kf2 Rxb6 50. Rxh2 Rb2+ 51. Ne2 Nd3+ 52. Kg3 Nf4 53.
Nc3 Rxh2 54. Kxh2 1/2-1/2